LEADER 00952nam a2200217 i 4500 001 000000052882 003 CaOOAMICUS 005 19970221000000.0 008 970221s1847 it u000 u ita u 013 $a24054 040 $aSeMil$bita 100 1 $aAudisio, Guglielmo <1802-1882>.$0(OLS)http://semarc/name/4298 245 10$aIntroduzione agli studi ecclesiastici conforme ai bisogni religiosi e civili /$cper Guglielmo Audisio. 260 $aTorino :$bStamperia Reale,$c1847. 300 $aXVI, 499 p. ;$c19 cm. 650 4$aSeminari.$0(OLS)http://semarc/subject/6621 650 4$aTeologia - Studio.$0(OLS)http://semarc/subject/10879 850 $aSeMil 852 $aSeMil$W1$xVenegono$y1$m2H II 100 FA$j19036$B19036$CSeMilBibl$Z2$F19038 $8I 996 $6245$aIntroduzione agli studi ecclesiastici conforme ai bisogni religiosi e civili$9(OLS)http://semarc/title/81032 996 $6260$aTorino :$bStamperia Reale$9(OLS)http://semarc/publisher/34077 LEADER 00784naa a2200157 i 4500 001 000000299603 003 CaOOAMICUS 005 20180831172647.0 008 180831n xx u000 u und u 013 $a7252 040 $aSeMil$bita 100 1 $aGhidelli, Carlo,$c.$0(OLS)http://semarc/name/3857 245 13$aLa revisione della Bibbia CEI :$bi libri sapienziali. Alcuni risultati raggiunti. 650 4$aBibbia. Antico testamento. Libri sapienziali - Commentari, studi, critica, interpretazioni.$0(OLS)http://semarc/subject/12612 773 0 $tInitium Sapientiae.$dBologna : EDB, copyr. 2000.$kSupplementi alla Rivista Biblica$z88-10-30224-9$w()72281 996 $6245$aLa revisione della Bibbia CEI :$bi libri sapienziali. Alcuni risultati raggiunti$9(OLS)http://semarc/title/375631